书目信息 |
| 题名: |
非洲——四百年的奴隶贸易
|
|
| 作者: | 阿勃拉莫娃 著 | |
| 分册: | ||
| 出版信息: | 北京 商务印书馆 1983.12 |
|
| 页数: | 358页 | |
| 开本: | 19cm | |
| 丛书名: | ||
| 单 册: | ||
| 中图分类: | K404 | |
| 科图分类: | ||
| 主题词: | 非洲--历史 | |
| 电子资源: | ||
| ISBN: | ||
| 000 | 00583nam0 2200205 45 | |
| 001 | 0405121067 | |
| 005 | 20040512100837.6 | |
| 010 | @dCNY1.45 | |
| 091 | @a11017.608 | |
| 100 | @a20040512d1983 km y0chiy0120 ea | |
| 101 | 0 | @achi |
| 105 | @a z 000yy | |
| 200 | 1 | @a非洲——四百年的奴隶贸易@AFei Zhou——Si Bai Nian De Nu Li Mao Yi@f(苏)阿勃拉莫娃著@F(Su)A Bo La Mo Wa Zhu |
| 210 | @a北京@c商务印书馆@d1983.12 | |
| 215 | @a358页@d19cm | |
| 606 | 0 | @a非洲@x历史 |
| 690 | @aK404@v3 | |
| 701 | 0 | @a阿勃拉莫娃@4著 |
| 801 | @aCN@bPftUser@c20040512 | |
| 905 | @f1@b228823@dK404@e9 | |
| 非洲——四百年的奴隶贸易/(苏)阿勃拉莫娃著.-北京:商务印书馆,1983.12 |
| 358页;19cm |
| ISBN :CNY1.45 |
| ● |
| 相关链接 |
|
|
|
|
正题名:非洲——四百年的奴隶贸易
索取号:K404/9
 
预约/预借
| 序号 | 登录号 | 条形码 | 馆藏地/架位号 | 状态 | 备注 |
| 1 | 0228823 | 000360004 | 第二借阅区/ [索取号:K404/9] | 在馆 |